[Event "Rheinhessen-ch MT1"]
[Site "Woerrstadt"]
[Date "1999.04.03"]
[Round "9"]
[White "Boos, Patrick"]
[Black "Schneider, Johannes"]
[Result "1-0"]
[WhiteElo "2014"]
[BlackElo "1940"]

1.e4 c5 2.Nf3 Nc6 3.Bb5 a6 4.Bxc6 bxc6 5.O-O d5 6.Qe2 g6 7.d3 Qc7 8.Be3 d4
9.Bg5 Bg7 10.Nbd2 e5 11.Nb3 f6 12.Bh4 Qa7 13.Nfd2 h5 14.f3 g5 15.Bf2 Ne7
16.c3 Ng6 17.Nc4 Bf8 18.Qc2 Be6 19.Nba5 g4 20.cxd4 gxf3 21.Nxc6 Qc7 22.g3 Bh3
23.dxe5 fxe5 24.Nb6 Nf4 25.Rfe1 Bg2 26.gxf4 h4 27.Nxe5 Bh3 28.Bg3 hxg3 29.Nxf3 Rb8
30.Nc4 Rg8 31.Ng5 gxh2+ 32.Kh1 Bg4 33.Rac1 Bd7 34.Ne5 Be7 35.Nxd7 Kxd7 36.Qa4+  1-0

[Event "Doeberl Cup op"]
[Site "Canberra"]
[Date "1999.04.04"]
[Round "4"]
[White "Levi, Eddy"]
[Black "Viner, Phillip"]
[Result "1-0"]
[WhiteElo "2245"]
[BlackElo "2174"]

1.e4 c5 2.Nf3 Nc6 3.Bb5 e6 4.Bxc6 bxc6 5.d3 d5 6.e5 Ne7 7.O-O Nf5 8.c4 Be7
9.Nc3 O-O 10.Re1 Rb8 11.b3 Nd4 12.Bf4 Rb7 13.Rc1 f6 14.Nxd4 cxd4 15.Ne2 c5
16.Bg3 Rb6 17.exf6 Rxf6 18.Nf4 dxc4 19.dxc4 Rh6 20.Rc2 Bd7 21.Nd3 a5 22.Rce2 a4
23.Re4 axb3 24.axb3 Be8 25.Nf4 Bf7 26.h3 Bd6 27.Nd3 Bxg3 28.fxg3 Qc7 29.Re5 Rc6
30.Qa1 Bg6 31.Rxe6 Rxe6 32.Rxe6 Bxd3 33.Qa8+  1-0

[Event "Dreifluesse op 7th"]
[Site "Passau"]
[Date "1999.04.04"]
[Round "5"]
[White "Schmidt, Peter"]
[Black "Lanka, Zigurds"]
[Result "1/2-1/2"]
[WhiteElo "2412"]
[BlackElo "2521"]

1.e4 c5 2.Nf3 Nc6 3.Bb5 g6 4.Bxc6 dxc6 5.d3 Bg7 6.h3 Nf6 7.Nc3 O-O 8.Be3 b6
9.Qd2 e5 10.Bh6 Qe7 11.O-O-O Ne8 12.Nh2 f6 13.Bxg7 Nxg7 14.f4 exf4 15.Qxf4 Ne6
16.Qe3 Nd4 17.Nf3 Qd6 18.e5 fxe5  1/2-1/2

[Event "Dreifluesse op 7th"]
[Site "Passau"]
[Date "1999.04.04"]
[Round "5"]
[White "Klimpel, Thomas"]
[Black "Stein, Matthias"]
[Result "1/2-1/2"]
[WhiteElo "2151"]
[BlackElo "1940"]

1.e4 c5 2.Nf3 Nc6 3.Bb5 a6 4.Bxc6 bxc6 5.O-O g6 6.Nc3 Bg7 7.d3 e5 8.Na4 d6
9.b3 Ne7 10.Bb2 O-O 11.c3 f5 12.Nd2 Be6 13.exf5 Bxf5 14.Ne4 Nd5 15.Ng3 Nb6
16.Nxb6  1/2-1/2

[Event "Hampstead GM 5th"]
[Site "London"]
[Date "1999.04.11"]
[Round "5"]
[White "Ansell, Simon"]
[Black "Gullaksen, Eirik T"]
[Result "1/2-1/2"]
[WhiteElo "2400"]
[BlackElo "2367"]

1.e4 c5 2.Nf3 Nc6 3.Bb5 g6 4.Bxc6 dxc6 5.d3 Bg4 6.h3 Bxf3 7.Qxf3 e5 8.O-O f6
9.Nc3 Nh6 10.Qg3 Nf7 11.f4 Bd6 12.f5 g5 13.Be3 h5 14.Qf2 b6 15.a4 a5 16.Nb1 Bc7
17.Nd2 Qd7 18.Nc4 Nd6 19.Nxd6+ Qxd6 20.Rad1 Kf7 21.g3 h4 22.g4 Rhd8 23.Rd2 Qe7
24.Qe2 Rd7 25.Rfd1  1/2-1/2

[Event "Hampstead IM-A 5th"]
[Site "London"]
[Date "1999.04.12"]
[Round "6"]
[White "Dunnington, Angus J"]
[Black "Sheldon, Ruth"]
[Result "1-0"]
[WhiteElo "2353"]
[BlackElo "2265"]

1.e4 c5 2.Nf3 Nc6 3.Bb5 g6 4.O-O Bg7 5.Re1 Nf6 6.e5 Nd5 7.Nc3 Nxc3 8.dxc3 O-O
9.Bg5 h6 10.Bf4 Qb6 11.a4 a6 12.Bc4 Na5 13.Ba2 g5 14.Be3 Qc7 15.Bxg5 hxg5
16.Nxg5 d5 17.Qd3 Rd8 18.e6 Bxe6 19.Rxe6 Qf4 20.Qh7+ Kf8 21.Rg6 Qe5 22.Nf3  1-0

[Event "St Petersburg-ch"]
[Site "St Petersburg"]
[Date "1999.04.14"]
[Round "9"]
[White "Arykin, A."]
[Black "Ivanov, Vladimir Ivanovich"]
[Result "1-0"]
[WhiteElo "2162"]
[BlackElo "2423"]

1.e4 c5 2.Nf3 Nc6 3.Bb5 e6 4.O-O Nge7 5.Re1 a6 6.Bf1 d5 7.exd5 Nxd5 8.d4 cxd4
9.Nxd4 Ndb4 10.Nxc6 Qxd1 11.Rxd1 Nxc6 12.Nc3 Bc5 13.Ne4 Ba7 14.b3 O-O 15.Ba3 Rd8
16.Rxd8+ Nxd8 17.Rd1 Nc6 18.g3 e5 19.Bc4 Bg4 20.Rd6 h6 21.c3 Rd8 22.Rxd8+ Nxd8
23.Bd6 Bf5 24.Bd3 Nc6 25.Nf6+ gxf6 26.Bxf5 Bb8 27.Bxb8 Nxb8 28.Kg2 b6 29.Bd3 Kf8
30.Kf3 Ke7 31.Kg4 Ke6 32.Bc4+ Ke7 33.b4 b5 34.Bd5 Kd6 35.Bxf7 Nd7 36.Kf5 Ke7
37.Bb3  1-0

[Event "ISR-chT"]
[Site "Israel"]
[Date "1999.04.16"]
[Round "8"]
[White "Deutsch, Eyal"]
[Black "Afek, Yochanan"]
[Result "1/2-1/2"]
[WhiteElo "2195"]
[BlackElo "2362"]

1.e4 c5 2.Nf3 Nc6 3.Bb5 g6 4.O-O Bg7 5.Nc3 d6 6.e5 dxe5 7.Bxc6+ bxc6 8.Re1 Nh6
9.Nxe5 Bxe5 10.Rxe5 Ng4 11.Re4 f5 12.Re1 Qc7 13.g3 f4 14.d3 O-O 15.Ne4 fxg3
16.fxg3 Ne5 17.Bf4 Rxf4 18.gxf4 Bg4 19.Qc1 Nf3+ 20.Kg2 Rf8 21.Qe3 Rxf4 22.Ng3 e5
23.Qxc5 Qg7 24.Kh1 Nxh2 25.Rxe5 Qh6 26.Re8+ Kg7 27.Qe7+ Rf7 28.Qe5+ Rf6  1/2-1/2

[Event "Golden Cleopatra op 3rd"]
[Site "Cairo"]
[Date "1999.04.18"]
[Round "8"]
[White "Abo Nar, Mohamed"]
[Black "Amin, Ashraf"]
[Result "0-1"]
[WhiteElo "2196"]
[BlackElo "2253"]

1.e4 c5 2.Nf3 Nc6 3.Bb5 e6 4.Bxc6 bxc6 5.O-O Ne7 6.e5 Ng6 7.d3 Rb8 8.Nc3 f6
9.Re1 Be7 10.exf6 gxf6 11.h4 h5 12.Ne2 d5 13.d4 cxd4 14.Nexd4 Qd6 15.c4 e5
16.Qc2 e4 17.cxd5 cxd5 18.Nc6 Ra8 19.Nxe7 Nxe7 20.Nd4 Bd7 21.Be3 Kf7 22.Rad1 Rag8
23.Ne2 Rg4 24.Qc5 Qxc5 25.Bxc5 Nf5 26.Rxd5 Be6 27.Rxf5 Bxf5 28.g3 a6 29.Rd1 Rgg8
30.Rd6 Rd8 31.Rxa6 Bg4 32.Nc3 Bf3 33.Ra7+ Kg6 34.Be7 Rd2 35.Ra6 Rc2 36.g4 hxg4
37.Bxf6 Re8 38.Bd4+ Kf7 39.Rf6+ Ke7 40.Nd5+ Kd7 41.Ne3 Rc1+ 42.Kh2 Rh1+ 43.Kg3 Rh3+
44.Kf4 Rxh4 45.Nf5 Rh1 46.Rd6+ Kc7 47.Be5 Kb7 48.Rd7+ Ka8 49.Rf7 Rh5 50.Bd4 e3
51.Nd6 e2 52.Nxe8 e1=Q 53.Nc7+ Kb7 54.Nb5+ Kc6 55.Na7+ Kd5 56.Be3 Qb4+  0-1

[Event "St Quentin op"]
[Site "St Quentin"]
[Date "1999.04.18"]
[Round "2"]
[White "Bogdanov, Emil"]
[Black "Lukov, Valentin"]
[Result "0-1"]
[WhiteElo "2238"]
[BlackElo "2439"]

1.e4 c5 2.Nf3 Nc6 3.Bb5 g6 4.c3 Nf6 5.e5 Nd5 6.d4 cxd4 7.Qb3 Nc7 8.Bc4 e6
9.cxd4 d5 10.Be2 h6 11.h4 b6 12.Nc3 Bd7 13.Bf4 Rc8 14.Rc1 Na5 15.Qd1 b5 16.O-O Nc4
17.b3 Na3 18.Qd2 Na6 19.Na4 Bb4 20.Qe3 Nc2 21.Qd3 g5 22.hxg5 hxg5 23.Bxg5 Be7
24.Bxe7 Kxe7 25.Nc5 Nxc5 26.dxc5 Qf8 27.Rfd1 Qh6 28.Kf1 Nb4 29.Qd2 Nc6 30.Qxh6 Rxh6
31.g3 Rh5 32.Bxb5 Nxe5 33.Bxd7 Nxd7 34.b4 Nf6 35.Ke2 Ne4 36.Ke3 Rf5 37.Rc2 Nf6
38.Nd4 Ng4+ 39.Kd3 Nxf2+ 40.Ke2 Rf6 41.b5 Nxd1 42.Kxd1 e5 43.Nc6+ Rfxc6 44.bxc6 Rxc6  0-1

[Event "St Quentin op"]
[Site "St Quentin"]
[Date "1999.04.19"]
[Round "3"]
[White "Brochet, Philippe"]
[Black "Plantet, Sebastien"]
[Result "1-0"]
[WhiteElo "2351"]
[BlackElo "2153"]

1.e4 c5 2.Nf3 Nc6 3.Bb5 Nf6 4.e5 Nd5 5.O-O e6 6.Re1 b6 7.Bxc6 dxc6 8.d3 Be7
9.Nbd2 Bb7 10.Ne4 h6 11.Nfd2 f5 12.exf6 gxf6 13.Qh5+ Kd7 14.Nf3 Qg8 15.Rd1 Rd8
16.c4 Nc7 17.a4 Kc8 18.a5 Qg7 19.Be3 Kb8 20.Nc3 Na6 21.Na4 Kc7 22.d4 bxa5
23.Nxc5 Nxc5 24.dxc5 f5 25.Nd4 Qf6 26.Nb3 Rxd1+ 27.Rxd1 e5 28.f4 a4 29.fxe5 Qf8
30.Nd4 Bc8 31.Qf3  1-0

[Event "St Quentin op"]
[Site "St Quentin"]
[Date "1999.04.19"]
[Round "3"]
[White "Midoux, Sebastien"]
[Black "Molet, Asher"]
[Result "1-0"]
[WhiteElo "2225"]
[BlackElo "2086"]

1.e4 c5 2.Nf3 Nc6 3.Bb5 Na5 4.c3 a6 5.Be2 e6 6.O-O Nf6 7.e5 Nd5 8.d4 cxd4
9.Qxd4 Nc6 10.Qe4 Be7 11.c4 f5 12.exf6 Nxf6 13.Qc2 O-O 14.Nc3 d5 15.cxd5 exd5
16.Rd1 Qa5 17.Nxd5 Be6 18.Nxe7+ Nxe7 19.Bd2 Qb6 20.Be3 Qa5 21.Qc5 Qxc5 22.Bxc5 Rfe8
23.h3 Rac8 24.Bd4 Ned5 25.Bf1 Nf4 26.Ng5 Bc4 27.Bxc4+ Rxc4 28.Nf3 Ne2+ 29.Kf1 Nxd4
30.Nxd4 Rd8 31.Nb3 Rdc8 32.Rac1 h6 33.Rxc4 Rxc4 34.Rd2 Kf7 35.f3 Kg6 36.Ke2 Rc7
37.Nd4 Re7+ 38.Kf2 h5 39.Rc2 Nd5 40.a3 Nf4 41.Ne2 Nd3+ 42.Kg3 Re5 43.Rd2 Nc5
44.Nf4+ Kg5 45.h4+ Kh6 46.b4 Na4 47.Rd6+ Kh7 48.Ne6 g6 49.Ng5+  1-0

[Event "St Quentin op"]
[Site "St Quentin"]
[Date "1999.04.20"]
[Round "4"]
[White "Shirazi, Kamran G"]
[Black "Calistri, Tristan"]
[Result "1-0"]
[WhiteElo "2403"]
[BlackElo "2246"]

1.e4 c5 2.Nf3 Nc6 3.Bb5 g6 4.O-O Bg7 5.c3 Nf6 6.Re1 O-O 7.h3 d5 8.e5 Ne8
9.d4 cxd4 10.cxd4 Nc7 11.Bf1 f6 12.exf6 exf6 13.Nc3 Be6 14.Qb3 b6 15.Bf4 Bf7
16.Nb5 Ne6 17.Rxe6 Bxe6 18.Nc7 Bf7 19.Nxa8 Qxa8 20.Rc1 g5 21.Bd6 Rd8 22.Qa3 Na5
23.b3 Rc8 24.Re1 Re8 25.Be7 Nc6 26.Bb5 Rxe7 27.Rxe7 Nxe7 28.Qxe7 a6 29.Bd3 Qf8
30.Qb7 Qa3 31.Bxa6 Qc1+ 32.Bf1 Bf8 33.Qxb6 Qf4 34.a4 Bd6 35.a5 Bc7 36.Qc5  1-0

[Event "St Quentin op"]
[Site "St Quentin"]
[Date "1999.04.21"]
[Round "5"]
[White "Midoux, Sebastien"]
[Black "Afek, Yochanan"]
[Result "1-0"]
[WhiteElo "2225"]
[BlackElo "2362"]

1.e4 c5 2.Nf3 Nc6 3.Bb5 g6 4.O-O Bg7 5.Nc3 a6 6.Bxc6 dxc6 7.d3 Nf6 8.Be3 b6
9.h3 O-O 10.Qd2 Re8 11.a3 a5 12.Rab1 a4 13.Bh6 Bh8 14.e5 Nd5 15.Ne4 f6 16.Rfe1 fxe5
17.Qg5 Qc7 18.Ned2 e4 19.Nxe4 Bd7 20.Qh4 Bf5 21.Bd2 Nf6 22.Neg5 b5 23.Bc3 Rad8
24.Ne6 Bxe6 25.Rxe6 Rd6 26.Be5 Qd7 27.Rxd6  1-0

[Event "St Quentin op"]
[Site "St Quentin"]
[Date "1999.04.21"]
[Round "5"]
[White "Guez, Fabien"]
[Black "Plantet, Sebastien"]
[Result "0-1"]
[WhiteElo "2110"]
[BlackElo "2153"]

1.e4 c5 2.Nf3 Nc6 3.Bb5 g6 4.O-O Bg7 5.Re1 Nf6 6.c3 O-O 7.d4 cxd4 8.cxd4 d5
9.e5 Ne4 10.Bxc6 bxc6 11.Nbd2 Bf5 12.Nh4 e6 13.Nhf3 c5 14.dxc5 Nxc5 15.Nb3 Nd3
16.Re3 Nxc1 17.Nxc1 Bg4 18.Nb3 Rc8 19.Qd4 Rc4 20.Qxa7 Bxf3 21.Rxf3 Bxe5 22.Rb1 Qb8
23.Qe3 Bxh2+ 24.Kh1 Be5 25.Rh3 Bg7 26.Nd2 Rc2 27.Nf3 Rxb2 28.Rg1 Qb6 29.Qf4 Qxf2
30.Qh2 h5 31.Qc7 Qb6  0-1

[Event "Budapest m"]
[Site "Budapest"]
[Date "1999.04.23"]
[Round "1"]
[White "Salmensuu, Olli"]
[Black "Horvath, Csaba"]
[Result "1/2-1/2"]
[WhiteElo "2449"]
[BlackElo "2524"]

1.e4 c5 2.Nf3 Nc6 3.Bb5 e6 4.O-O Nge7 5.c3 a6 6.Bxc6 Nxc6 7.d4 d5 8.exd5 Qxd5
9.dxc5 Qxd1 10.Rxd1 Bxc5 11.Nbd2 e5 12.Nc4 f6 13.Be3 Bxe3 14.fxe3 Be6 15.Nb6 Rd8
16.b3 Ke7 17.e4 Rxd1+ 18.Rxd1 Rd8  1/2-1/2

[Event "ISR-chT"]
[Site "Israel"]
[Date "1999.04.23"]
[Round "9"]
[White "Oratovsky, Michael"]
[Black "Greenfeld, Alon"]
[Result "0-1"]
[WhiteElo "2480"]
[BlackElo "2521"]

1.e4 c5 2.Nf3 Nc6 3.Bb5 e6 4.Bxc6 bxc6 5.d3 Ne7 6.h4 h5 7.Qe2 d5 8.c4 Ng6
9.e5 Be7 10.Nc3 Bxh4 11.Nxh4 Nxh4 12.g3 Nf5 13.Rxh5 Kd7 14.Na4 Nd4 15.Nxc5+ Kc7
16.Qd1 Rxh5 17.Qxh5 Qe7 18.Nb3 Nc2+ 19.Ke2 Nxa1 20.Nxa1 dxc4 21.dxc4 Ba6
22.b3 Rd8 23.Bg5 f6 24.Bf4 Kb7 25.Nc2 Qd7 26.Qg6 Qd1+ 27.Ke3 f5  0-1

[Event "St Quentin op"]
[Site "St Quentin"]
[Date "1999.04.24"]
[Round "8"]
[White "Brochet, Philippe"]
[Black "Pira, Davoud"]
[Result "0-1"]
[WhiteElo "2351"]
[BlackElo "2382"]

1.e4 c5 2.Nf3 Nc6 3.Bb5 g6 4.O-O Bg7 5.Re1 Nf6 6.Nc3 O-O 7.e5 Ng4 8.Bxc6 dxc6
9.d3 Nh6 10.Ne4 b6 11.a4 Bg4 12.h3 Bxf3 13.Qxf3 Qd5 14.Bg5 Nf5 15.c3 Bxe5
16.g4 f6 17.Nxf6+ exf6 18.Qxd5+ cxd5 19.gxf5 gxf5 20.Bh6 Rfe8 21.Kh1 Kf7
22.Rg1 Rg8 23.Rxg8 Rxg8 24.Rg1 Rg6 25.Bd2 f4 26.f3 Ke6 27.Be1 Rxg1+ 28.Kxg1 c4
29.d4 Bd6 30.Kf1 Kd7 31.Ke2 Kc6 32.Kd1 Kb7 33.Kc2 Ka6 34.b4 cxb3+ 35.Kxb3 b5
36.Bd2 f5 37.Be1 Be7 38.Bd2 Bh4 39.Kb4 Be7+ 40.Kb3 Bd6 41.Be1 Kb6 42.Bh4 Kc6
43.Bg5 Kb6 44.Bh4 Ka6 45.Bd8 Bf8 46.Bc7 Be7 47.Bxf4 Kb6 48.Bb8 a6 49.Be5 a5
50.Bf4 Bh4 51.Bd2 Bf2 52.Ka3 bxa4 53.Kxa4 Ka6 54.c4 dxc4 55.d5 Bb6 56.d6 Kb7
57.Kb5 Bd8 58.d7 a4 59.Kxa4 Kc6 60.Ba5 Bxa5 61.Kxa5 Kxd7 62.Kb4 Kd6 63.Kxc4 Ke5
64.Kd3 Kf4 65.Ke2 Kg3 66.Ke3 f4+ 67.Ke4 h6 68.h4 h5  0-1

[Event "Budapest m"]
[Site "Budapest"]
[Date "1999.04.26"]
[Round "3"]
[White "Salmensuu, Olli"]
[Black "Horvath, Csaba"]
[Result "0-1"]
[WhiteElo "2449"]
[BlackElo "2524"]

1.e4 c5 2.Nf3 Nc6 3.Bb5 e6 4.O-O Nge7 5.c3 a6 6.Ba4 c4 7.d4 cxd3 8.Qxd3 Ng6
9.Nd4 Bc5 10.Be3 Ba7 11.Nd2 O-O 12.Rae1 Nxd4 13.Bxd4 Bxd4 14.Qxd4 d6 15.Bb3 e5
16.Qe3 Be6 17.Nc4 Rc8 18.Nb6 Rc5 19.Nd5 Ne7 20.Nxe7+ Qxe7 21.Bxe6 Qxe6 22.b3 b5
23.Rd1 Rfc8 24.Rd3 h6 25.Rfd1 R5c6 26.Qd2 Rd8 27.h3 Qc8 28.Rg3 Kf8 29.Qe3 Qc7
30.Rd3 Rc8 31.Qd2 Qe7 32.Qe2 g6 33.Qd2 Kg7 34.Rd5 Qc7 35.Rdd3 Qe7 36.Rge3 Qc7
37.Kh2 Qe7 38.Rd5 Qc7 39.f3 Re8 40.Re1 Rxc3 41.Rxd6 Rc2 42.Qd5 Qc3 43.Rf1 Qe3
44.Rxa6 Qf4+ 45.Kh1 Rec8 46.Rd6 Qg3 47.Rg1 Rxg2 48.Rxg2 Rc1+ 49.Qd1 Rxd1+
50.Rxd1 Qxh3+ 51.Kg1 Qxf3 52.Re1 h5 53.Rge2 Qg3+ 54.Kh1 b4 55.Re3 Qf2 56.R3e2 Qf3+
57.Kg1 Qg3+ 58.Kf1 h4 59.Re3 Qh2 60.R3e2 Qh1+ 61.Kf2 Qh3 62.Rg1 Qh2+ 63.Rg2 Qf4+
64.Kg1 h3 65.Rgf2 Qg3+ 66.Kh1 f6 67.Rf1 g5 68.Rf5 g4 69.Rf1 Qd3 70.Rfe1 Qf3+
71.Kh2 Kh6  0-1

[Event "Budapest m"]
[Site "Budapest"]
[Date "1999.04.28"]
[Round "5"]
[White "Salmensuu, Olli"]
[Black "Horvath, Csaba"]
[Result "0-1"]
[WhiteElo "2449"]
[BlackElo "2524"]

1.e4 c5 2.Nf3 Nc6 3.Bb5 e6 4.O-O Nge7 5.Re1 a6 6.Bf1 d5 7.d3 Ng6 8.exd5 Qxd5
9.Nc3 Qd8 10.Be3 e5 11.d4 cxd4 12.Nxd4 exd4  0-1

[Event "EST-ch"]
[Site "Tallinn"]
[Date "1999.05.01"]
[Round "1"]
[White "Sepp, Olav"]
[Black "Schuls, Olev"]
[Result "1/2-1/2"]
[WhiteElo "2397"]
[BlackElo "2200"]

1.e4 c5 2.Nf3 Nc6 3.Bb5 g6 4.O-O Bg7 5.Re1 e5 6.Nc3 Nge7 7.d3 a6 8.Bc4 b5
9.Bb3 Na5 10.Nd5 Nxd5 11.Bxd5 Bb7 12.Bg5 f6 13.Bxb7 Nxb7 14.Be3 d5 15.exd5 Qxd5
16.c4 Qd7 17.Qb3 b4 18.a3 bxa3 19.Qxa3 O-O 20.Red1 Rfc8 21.Nd2 f5 22.f3 Qc6
23.Qa4 Qe6 24.Qc2 Re8 25.Bf2 Rad8 26.Nf1 Bf6 27.Ng3 Qc6 28.Ra3 Rd6 29.Rda1 a5
30.Rb3 Red8 31.Nf1 R8d7 32.Re1 Bg7 33.Ne3 e4 34.fxe4 fxe4 35.Nd5 exd3 36.Rxd3 Re6
37.Red1 Rf7 38.h4 Nd6 39.Rb3 Ne4 40.Rb8+ Rf8 41.Rxf8+ Bxf8 42.Re1 Nxf2 43.Qxf2 Bg7
44.Kh1 Bd4 45.Qd2 Qe8 46.Rxe6 Qxe6 47.Qxa5 Qe4 48.Qd8+ Kg7 49.Qc7+ Kg8 50.Qb8+ Kg7
51.Qc7+ Kg8 52.Qb8+ Kg7 53.Qc7+  1/2-1/2

[Event "ISR-chT"]
[Site "Israel"]
[Date "1999.05.07"]
[Round "10"]
[White "Segal, Anna"]
[Black "Kristol, Luba"]
[Result "1-0"]
[WhiteElo "2250"]
[BlackElo "2225"]

1.e4 c5 2.Nf3 Nc6 3.Bb5 g6 4.Bxc6 bxc6 5.O-O Bg7 6.Re1 e5 7.d3 Ne7 8.Na3 O-O
9.Nc4 d6 10.h3 f5 11.Bd2 h6 12.a3 a5 13.Bc3 Be6 14.b3 fxe4 15.dxe4 Bxc4 16.bxc4 a4
17.Qd2 Nc8 18.Rab1 Qc7 19.Rb2 Rb8 20.Rxb8 Qxb8 21.Ba1 Qb6 22.Qd3 Qc7 23.Rb1 Nb6
24.Bc3 Ra8 25.Nh4 Kh7 26.Rxb6 Qxb6 27.Qxd6 Qb1+ 28.Kh2 Qc1 29.Bd2 Qxc2 30.Qxg6+ Kh8
31.Nf5 Ra7 32.Bxh6 Bxh6 33.Qxh6+ Kg8 34.Qg6+ Kh8 35.Qf6+ Kh7 36.Ne7 Qxe4
37.Qf7+ Kh6 38.Ng8+ Kg5 39.Qf6+  1-0

[Event "NED-chT Playoff"]
[Site "Breda"]
[Date "1999.05.13"]
[Round "1"]
[White "Adams, Michael"]
[Black "Hausrath, Daniel"]
[Result "1/2-1/2"]
[WhiteElo "2716"]
[BlackElo "2400"]

1.e4 c5 2.Nf3 Nc6 3.Bb5 g6 4.Bxc6 dxc6 5.d3 Bg7 6.h3 Nf6 7.Nc3 O-O 8.Be3 b6
9.Qd2 e5 10.Bh6 Qd6 11.O-O-O Be6 12.Kb1 b5 13.Ne2 a5 14.Bxg7 Kxg7 15.Ng5 h6
16.Nxe6+ fxe6 17.f4 exf4 18.Nxf4 a4 19.Rhf1 b4 20.g4 Nd7 21.d4 b3 22.cxb3 axb3
23.a3 Qe7 24.Qe3 Nf6 25.e5 Nd5 26.Qxb3 Ra5 27.Ne2  1/2-1/2

[Event "NOR-chT"]
[Site "Langesund"]
[Date "1999.05.13"]
[Round "3"]
[White "Gudbrandsen, Gustav"]
[Black "Bern, Ivar"]
[Result "0-1"]
[WhiteElo "2343"]
[BlackElo "2365"]

1.e4 c5 2.Nf3 Nc6 3.Bb5 Nf6 4.e5 Nd5 5.O-O g6 6.Re1 Bg7 7.Nc3 Nc7 8.Bc4 O-O
9.d3 Ne6 10.Nd5 b6 11.c3 Bb7 12.a4 d6 13.exd6 Qxd6 14.Ng5 Ne5 15.Ne4 Qd7
16.Qb3 Rad8 17.Nf4 Nxc4 18.Qxc4 Nxf4 19.Bxf4 Qxd3 20.Qxd3 Rxd3 21.a5 e5 22.Bg5 f5
23.Ng3 f4 24.Ne2 h6 25.axb6 axb6 26.Ra7 Rd7  0-1

[Event "BUL-ch"]
[Site "Plovdiv"]
[Date "1999.05.13"]
[Round "2"]
[White "Dragiev, Veselin"]
[Black "Chatalbashev, Boris"]
[Result "1/2-1/2"]
[WhiteElo "2370"]
[BlackElo "2524"]

1.e4 c5 2.Nf3 Nc6 3.Bb5 g6 4.O-O Bg7 5.Re1 Nf6 6.h3 O-O 7.c3 e5 8.Na3 d6
9.d4 cxd4 10.Bxc6 bxc6 11.cxd4 exd4 12.Qxd4 d5 13.exd5 Nxd5 14.Qa4 Qb6 15.Nc4 Qb4
16.Qb3 Ba6 17.Nce5 Rfe8 18.Bd2 Qd6 19.Bc3 Re7 20.Rad1 Rae8 21.Nxc6 Rxe1+
22.Bxe1 Qxc6 23.Qxd5 Qxd5 24.Rxd5 Bb7 25.Rd1 Bxb2 26.Bb4 Bc8 27.Rd2 Bf6 28.a3 Bf5
29.Rd6 Re6 30.Rxe6 Bxe6 31.Bc5 a6 32.Nd4 Bd5 33.Kf1 h5 34.g4 h4 35.f4 Bd8
36.Kf2 Bc7 37.Ke3 Bg2 38.g5 Bxh3  1/2-1/2

[Event "NED-chT Playoff"]
[Site "Breda"]
[Date "1999.05.14"]
[Round "2"]
[White "Vedder, Henk"]
[Black "Lautier, Joel"]
[Result "0-1"]
[WhiteElo "2400"]
[BlackElo "2596"]

1.e4 c5 2.Nf3 Nc6 3.Bb5 d6 4.c3 Nf6 5.d3 Bd7 6.Nbd2 g6 7.O-O Bg7 8.Re1 O-O
9.Nf1 a6 10.Ba4 b5 11.Bc2 b4 12.d4 bxc3 13.bxc3 cxd4 14.cxd4 Bg4 15.Be3 Nd7
16.Ba4 Bxf3 17.gxf3 Na5 18.Qd3 Nb6 19.Bb3 Qd7 20.Rab1 d5 21.Nd2 e6 22.Rec1 Rfc8
23.Rxc8+ Qxc8 24.Kg2 Qc6 25.Rb2 Bf8 26.Rc2 Qb5 27.Qf1 Rc8 28.Rxc8 Nxc8 29.Qc1 Nd6
30.Qc7 Nxb3 31.axb3 Qb7 32.Qc2 Qc8 33.Qxc8 Nxc8 34.Kf1 Bd6 35.h3 Kf8 36.Ke2 Ke8
37.Kd3 Kd7 38.Nb1 Bb4 39.Bd2 Bxd2 40.Nxd2 Kc6 41.Nf1 Kb5 42.Kc3 Ne7 43.Ng3 a5
44.Ne2 g5 45.Kb2 Ng6 46.Nc3+ Kc6 47.exd5+ exd5 48.Ka3 Nf4 49.Ka4 Kb6 50.Nb5 Ne2
51.b4 axb4 52.Kxb4 Nf4 53.Nd6 Nxh3 54.Nxf7 h5 55.Kc3 h4 56.Kd2 Nf4 57.Ne5 h3
58.Ng4 Kb5 59.Ke1 Kc4 60.Kf1 Kxd4 61.Kg1 Kc3 62.Nf6 d4 63.Ne4+ Kc2 64.Nxg5 d3
65.Ne4 d2  0-1

[Event "Lausanne YM qf playoff"]
[Site "Lausanne"]
[Date "1999.05.14"]
[Round "2"]
[White "Sadvakasov, Darmen"]
[Black "Kasimdzhanov, Rustam"]
[Result "1-0"]
[WhiteElo "2487"]
[BlackElo "2606"]

1.e4 c5 2.Nf3 Nc6 3.Bb5 e6 4.O-O Nge7 5.Nc3 a6 6.Bxc6 Nxc6 7.d4 cxd4 8.Nxd4 Qc7
9.Nxc6 Qxc6 10.Re1 Be7 11.Nd5 exd5 12.exd5 Qd6 13.Bg5 f6 14.Bf4 Qxf4 15.d6 Kd8
16.Rxe7 b5 17.Qd5 Rb8 18.Rae1 Qc4 19.Qh5 Qg8 20.Qc5 Qc4 21.Qe3 Qe6 22.Rxe6 dxe6
23.Qa7 Rb7 24.Qxa6 Re8 25.Qc6 b4 26.h4 e5 27.a4 bxa3 28.bxa3 Re6 29.c4  1-0

[Event "BUL-ch"]
[Site "Plovdiv"]
[Date "1999.05.14"]
[Round "3"]
[White "Todorov, Todor"]
[Black "Georgiev, Vladimir"]
[Result "1/2-1/2"]
[WhiteElo "2480"]
[BlackElo "2508"]

1.e4 c5 2.Nf3 Nc6 3.Bb5 g6 4.Bxc6 dxc6 5.h3 e5 6.d3 f6 7.Be3 Nh6 8.Qd2 Nf7
9.Qc3 Qe7 10.Nbd2 Nd8 11.a4 Ne6 12.a5 Nd4 13.a6 Be6 14.axb7 Qxb7 15.Nc4 Be7
16.Nfd2 O-O 17.Bxd4 cxd4 18.Qb3 Qc7 19.Ra6 Rfb8 20.Qa4 Rb5 21.O-O Bb4 22.Ra1 Bxd2
23.Nxd2 Rxb2 24.Rxc6 Qd7 25.Qa6 Bf7 26.Rxf6 Rxc2 27.Nf3 Qc7 28.Ra5 Rc5 29.Rxc5 Qxc5
30.Qb7 Rf8 31.Kh2 Be8 32.Rxf8+ Kxf8 33.Qxh7 a5 34.Qh8+ Ke7 35.Nxe5 a4 36.Qg7+ Kd8
37.Qf6+ Kc7 38.Qg7+ Kd8 39.Qf6+ Kc7 40.Qg7+ Kd8  1/2-1/2

[Event "Santo Antonio"]
[Site "Santo Antonio"]
[Date "1999.05.15"]
[Round "1"]
[White "Campora, Daniel H"]
[Black "Yakovich, Yuri"]
[Result "0-1"]
[WhiteElo "2553"]
[BlackElo "2565"]

1.e4 c5 2.Nf3 Nc6 3.Bb5 g6 4.O-O Bg7 5.c3 Nf6 6.Re1 O-O 7.h3 Qb6 8.Na3 d6
9.d3 e5 10.Be3 a6 11.Nc4 Qc7 12.Bxc6 Qxc6 13.b4 Be6 14.Ncxe5 dxe5 15.Bxc5 Rfd8
16.Nxe5 Qc7 17.Nf3 a5 18.a3 axb4 19.Bxb4 Qf4 20.Qe2 Re8 21.Bc5 Bd7 22.Bd4 Bc6
23.Qb2 Rad8 24.Re3 Nd7 25.Rae1 f6 26.Nd2 b5 27.c4 bxc4 28.Nxc4 Qb8 29.Qa2 Kh8
30.a4 Ne5 31.Rb1 Qa8 32.Nxe5 fxe5 33.Bb6 Rd7 34.a5 Qa6 35.Qb3 Bf6 36.Rf3 Kg7
37.Kh2 Rc8 38.Rc1 Re7 39.Qb4 Rf7 40.Qd6 Qb7 41.Rc5 Qd7 42.Qxd7 Bxd7 43.a6 Ra8
44.a7 Be8 45.d4 Rb7 46.dxe5 Be7 47.Rc2 Rxb6 48.Rc7 Re6 49.Rb3 Rxe5 50.Rb8 Bc6
51.f3 Kf7 52.Rxc6 Rxa7 53.Rbc8 Rea5 54.f4 Ra2 55.Rc2 Rxc2 56.Rxc2 Ra4 57.Re2 h5
58.g3 h4 59.Kg2 Ra3 60.gxh4 Bxh4 61.Rb2 Rg3+ 62.Kh2 Re3 63.Kg2 Rg3+ 64.Kh2 Re3
65.Kg2 Rxe4 66.Kf3 Rc4 67.Rb3 Be7 68.Re3 Kf6 69.h4 Bd6 70.Re4 Rc1 71.Rd4 Ke6
72.Kg4 Rg1+ 73.Kf3 Be7 74.Ra4 Rh1 75.Kg3 Rg1+ 76.Kf3 Rh1 77.Kg3 Bd8 78.Rd4 Bf6
79.Ra4 Kf7 80.Ra7+ Ke6 81.Ra6+ Kf5 82.Ra5+ Ke4 83.Ra4+ Bd4 84.Rb4 Rg1+ 85.Kh2 Rg4
86.Ra4 Rxf4 87.Kh3 Kf5 88.Ra5+ Be5  0-1

[Event "VCN SchaakFestival"]
[Site "Soest"]
[Date "1999.05.15"]
[Round "3"]
[White "Van Haastert, Edwin"]
[Black "Veldhuijsen, Klaas"]
[Result "1-0"]
[WhiteElo "2337"]
[BlackElo "1990"]

1.e4 c5 2.Nf3 Nc6 3.Bb5 g6 4.Bxc6 dxc6 5.d3 Bg7 6.Nc3 Nf6 7.Be3 b6 8.h3 O-O
9.Qd2 Re8 10.Bh6 Bh8 11.h4 Nh5 12.Nh2 b5 13.g4 b4 14.Nd1 Nf6 15.f3 Qd6 16.Bf4 e5
17.Bg5 Nd7 18.Ne3 Nb6 19.Nhf1 f6 20.Bh6 a5 21.h5 Ra7 22.Ng3 c4 23.Nxc4 Nxc4
24.dxc4 Qe6 25.hxg6 hxg6 26.Be3 Rh7 27.Rxh7 Kxh7 28.O-O-O Kg7 29.Qh2 Kf7
30.Qh7+ Bg7 31.Bh6  1-0

[Event "Capablanca mem Mixto"]
[Site "Havana"]
[Date "1999.05.17"]
[Round "9"]
[White "Pina, Sulennis"]
[Black "Almeida, Omar"]
[Result "0-1"]
[WhiteElo "2241"]
[BlackElo "2344"]

1.e4 c5 2.Nf3 Nc6 3.Bb5 Na5 4.c3 a6 5.Ba4 b5 6.Bc2 d6 7.h3 Bb7 8.d3 g6 9.O-O Bg7
10.Bd2 Nf6 11.Re1 O-O 12.Qc1 e5 13.Bh6 Nh5 14.Bxg7 Kxg7 15.d4 Nf4 16.Kh2 cxd4
17.cxd4 Rc8 18.Qd1 Qc7 19.Bd3 d5 20.dxe5 Nxd3 21.Qxd3 dxe4 22.Rxe4 Bxe4 23.Qxe4 Qc4
24.Qe3 Qc1 25.Qa3 Nc4  0-1

[Event "Capablanca mem Mixto"]
[Site "Havana"]
[Date "1999.05.17"]
[Round "9"]
[White "Fierro Baquero, Martha Lorena"]
[Black "Hernandez, Tania"]
[Result "1/2-1/2"]
[WhiteElo "2252"]
[BlackElo "2211"]

1.e4 c5 2.Nf3 Nc6 3.Bb5 g6 4.Bxc6 bxc6 5.O-O Bg7 6.Re1 f6 7.c3 d6 8.h3 Nh6
9.d4 cxd4 10.cxd4 Nf7 11.Nc3 O-O 12.b3 Bd7 13.Bb2 Rc8 14.Qd2 Re8 15.Rad1 e5
16.dxe5 fxe5 17.Qe3 Qb6 18.Na4 Qxe3 19.Rxe3 Be6 20.Red3 Bf8 21.Nc3 Be7 22.Ba3 Rcd8
23.Nh2 Rd7 24.Nf1 Red8 25.Ne3 Kf8 26.Na4 Ke8 27.Rc1 Rc8 28.Nd5 Bxd5 29.exd5 Rdc7
30.Rxc6  1/2-1/2

[Event "ICC GM Fights 1"]
[Site "Internet"]
[Date "1999.05.22"]
[Round "4"]
[White "Svidler, Peter"]
[Black "Sutovskij, Emil"]
[Result "1-0"]
[WhiteElo "2713"]
[BlackElo "2612"]

1.e4 c5 2.Nf3 Nc6 3.Bb5 g6 4.Bxc6 dxc6 5.d3 Bg7 6.h3 e5 7.Be3 Qe7 8.Qd2 Nf6
9.Qc3 Nd7 10.a4 O-O 11.Na3 b6 12.Nc4 f5 13.O-O f4 14.Bd2 h5 15.h4 Bf6 16.b4 cxb4
17.Qxb4 c5 18.Qb3 Kh7 19.a5 b5 20.Qxb5 Rb8 21.Qc6 Bxh4 22.Rab1 Bf6 23.Bc3 Rxb1
24.Rxb1 g5 25.Qc7 g4 26.Nfxe5 g3 27.Nxd7 Bxc3 28.Nxf8+  1-0